| 000 -LEADER | |
|---|---|
| fixed length control field | 00441nam a22001817a 4500 |
| 005 - DATE AND TIME OF LATEST TRANSACTION | |
| control field | 20250327104133.0 |
| 008 - FIXED-LENGTH DATA ELEMENTS--GENERAL INFORMATION | |
| fixed length control field | 160523b xxu||||| |||| 00| 0 eng d |
| 020 ## - INTERNATIONAL STANDARD BOOK NUMBER | |
| ISBN | 1403-9399-6 |
| 041 ## - LANGUAGE CODE | |
| Language code of text/sound track or separate title | eng |
| 082 ## - DEWEY DECIMAL CLASSIFICATION NUMBER | |
| Item number | 4229 |
| Classification number | 658.403 |
| 100 ## - MAIN ENTRY--AUTHOR NAME | |
| Personal name | Goyal, D.P. |
| 245 ## - TITLE STATEMENT | |
| Title | Management Information Systems |
| 250 ## - EDITION STATEMENT | |
| Edition statement | 2ND ED. |
| 260 ## - PUBLICATION, DISTRIBUTION, ETC. (IMPRINT) | |
| Place of publication | New Delhi |
| Name of publisher | Academic Faundation |
| Year of publication | 2009 |
| 300 ## - PHYSICAL DESCRIPTION | |
| Number of Pages | 355p, |
| 650 ## - SUBJECT ADDED ENTRY--TOPICAL TERM | |
| Topical Term | Management |
| 942 ## - ADDED ENTRY ELEMENTS (KOHA) | |
| Koha item type | Books |
| Lost status | Damaged status | Home library | Current library | Shelving location | Date acquired | Cost, normal purchase price | Full call number | Accession Number | Koha item type | Collection code |
|---|---|---|---|---|---|---|---|---|---|---|
| JRU Library | SHELF-29-A | 23/05/2016 | 285.00 | 658.403 | 4229 | Books | ||||
| JRU Library | JRU Library | SHELF- 69 C | 23/05/2016 | 285.00 | 658.403 | 4230 | Books | MANAGEMENT | ||
| JRU Library | JRU Library | SHELF- 69 C | 23/05/2016 | 285.00 | 658.403 | 4231 | Books | MANAGEMENT | ||
| JRU Library | JRU Library | SHELF- 69 C | 23/05/2016 | 285.00 | 658.403 | 4232 | Books | MANAGEMENT | ||
| JRU Library | JRU Library | SHELF- 69 C | 23/05/2016 | 285.00 | 658.403 | 4233 | Books | MANAGEMENT | ||
| JRU Library | JRU Library | SHELF- 69 C | 23/05/2016 | 285.00 | 658.403 | 4234 | Books | MANAGEMENT | ||
| JRU Library | JRU Library | SHELF- 69 C | 23/05/2016 | 285.00 | 658.403 | 4235 | Books | MANAGEMENT | ||
| JRU Library | Shelf - 21- E | 23/05/2016 | 285.00 | 658.403 | 4236 | Books | ||||
| JRU Library | JRU Library | SHELF- 69 C | 23/05/2016 | 285.00 | 658.403 | 4237 | Books | MANAGEMENT | ||
| JRU Library | JRU Library | SHELF- 69 C | 23/05/2016 | 285.00 | 658.403 | 4238 | Books | MANAGEMENT | ||
| JRU Library | JRU Library | SHELF- 69 C | 23/05/2016 | 285.00 | 658.403 | 4239 | Books | MANAGEMENT |